000 01235nam a2200337 a 4500
001 000115927
003 CHAP
005 20220906095843.0
008 190726s2019 mx a |sm |||||||spa d
010 _a112388
011 _a113360
040 _cCHAP
090 _aTesis
100 1 _aCabrera Manzano, Bruno
_9136608
245 1 0 _aCalidad de fruto de 37 líneas experimentales de tomate tipo saladette (Solanum lycopersicum L.)
_h[En línea]
_cpor Bruno Cabrera Manzano.
260 _aChapingo, Méx. :
_bEl autor,
_c2019.
500 _aPara ver el contenido del material haga clic en la liga
502 _aTesis (Ingeniero Agroindustrial) -- UACH. Departamento de Ingeniería Agroindustrial
590 _aBATCH-UPD
_b05
_c20190726
_lUCH01
_h1324
590 _aE6337LMJ
_b05
_c20190726
_lUCH01
_h1323
590 _aE6337LMJ
_b05
_c20190726
_lUCH01
_h1324
650 1 4 _aTomate
_xCalidad.
_9113692
650 1 4 _aTomate
_xFisiología y morfología.
_9113722
650 1 4 _aTomate
_xGenética.
_9113726
650 1 4 _aTomate
_xVariedades.
_9113777
700 1 _aPérez Enciso, María del Rosario
_9136609
856 _aFinding aid
_uhttp://10.13.5.2/tesis/sist115927.pdf
_zTeclea aquí
901 _aBK
942 _cTESIS
942 _n0
999 _c112388
_d112388